Middleware management with Oracle Enterprise Manager Grid Control 10g R5 (Record no. 247953)
[ view plain ]
| 000 -LEADER | |
|---|---|
| fixed length control field | 01468nam a2200373Ia 4500 |
| 082 04 - DEWEY DECIMAL CLASSIFICATION NUMBER | |
| Classification number | 005.3 |
| 100 1# - MAIN ENTRY--AUTHOR NAME | |
| Personal name | Panda, Debu. |
| 245 10 - TITLE STATEMENT | |
| Title | Middleware management with Oracle Enterprise Manager Grid Control 10g R5 |
| 260 ## - PUBLICATION, DISTRIBUTION, ETC. (IMPRINT) | |
| Place of publication | Birmingham, UK : |
| Name of publisher | Packt Pub., |
| Year of publication | c2009. |
| 300 ## - PHYSICAL DESCRIPTION | |
| Number of Pages | 310 p. : |
| Other physical details | ill. |
| 500 ## - GENERAL NOTE | |
| General note | Includes index. |
| 650 #0 - SUBJECT ADDED ENTRY--TOPICAL TERM | |
| Topical Term | Middleware |
| Topical Term | Enterprise application integration (Computer systems) |
| Topical Term | Computational grids (Computer systems) |
| 700 1# - ADDED ENTRY--PERSONAL NAME | |
| Personal name | Maheshwari, Arvind. |
| Personal name | Gomez, Joseph S. |
| Personal name | Lazarini, Ulises. |
| Personal name | McLarty, Peter. |
| 856 40 - ELECTRONIC LOCATION AND ACCESS | |
| Uniform Resource Identifier | http://site.ebrary.com/lib/rucke/Doc?id=10448397 |
No items available.
